Top 10 Population Centres in Nova Scotia - Statistics

General Stats
  • This quiz has been taken 73 times
  • The average score is 6 of 10
Answer Stats
Rank Population in 2016: Population Centre % Correct
1 316,701 Halifax
100%
2 29,904 Sydney
93%
3 22,954 Truro
89%
8 9,550 Amherst
67%
4 18,665 New Glasgow
66%
9 8,532 Bridgewater
64%
7 12,088 Kentville
49%
5 17,556 Glace Bay
43%
10 7,344 New Waterford
20%
6 12,823 Sydney Mines
16%
No matching quizzes found
Score Distribution
Percent of People with Each Score
Percentile by Number Answered
Your Score History
You have not taken this quiz